Calculus for Business, Economics, and the Social and Life Sciences

Gespeichert in:
Bibliographische Detailangaben
1. Verfasser: Hoffmann, Laurence D.
Weitere Verfasser: Bradley, Gerald L.
Format: Buch
Sprache:Englisch
Veröffentlicht: New York MacGraw-Hill Publ. Co. 1989
Ausgabe:4. ed.
Schlagworte:
Tags: Tag hinzufügen
Keine Tags, Fügen Sie das erste Tag hinzu!

MARC

LEADER 00000nam a2200000 4500
001 c003709
005 20221215113426.3
020 |a 0-07-029334-1 
041 0 |a eng 
044 |a US 
245 1 0 |a Calculus for Business, Economics, and the Social and Life Sciences  |c Laurence D. Hoffmann, Gerald L. Bradley 
250 |a 4. ed. 
264 1 |a New York  |b MacGraw-Hill Publ. Co.  |c 1989 
300 |a 748 s. 
610 2 0 |a podnikanie 
610 2 0 |a ekonómia 
610 2 0 |a metódy matematické 
610 2 0 |a matematika 
610 2 0 |a grafy 
610 2 0 |a multiplikátor 
610 2 0 |a metóda štvorcov najmenších 
100 1 |a Hoffmann, Laurence D. 
700 1 |a Bradley, Gerald L.